LEADER 01016nam a2200229 i 4500 001 000000188347 003 CaOOAMICUS 005 20111006000000.0 008 111006s2006 it u000 u ita u 013 $a166525 040 $aSeMil$bita 100 1 $aMonaco, Davide,$d<1980- >.$0(OLS)http://semarc/name/68998 245 10$aGianni Vattimo :$bOntologia ermeneutica, cristianesimo e postmodernità /$cDavide Monaco ; postfazione di Vincenzo Vitiello. 260 $aPisa :$bETS,$c2006. 300 $a214 p. ;$c22 cm. 650 4$aVattimo, Gianni <1936- > - Pensiero filosofico.$0(OLS)http://semarc/subject/27939 700 1 $aVitiello, Vincenzo,$d<1935- >.$0(OLS)http://semarc/name/20981 850 $aSeMil 852 $aSeMil$W1$xVenegono$y1$m1129 8 33 *$j139003$B139003$CSeMilBibl$Z2$F150586 $81 961 $aAcquisto: Ancora 996 $6245$aGianni Vattimo :$bOntologia ermeneutica, cristianesimo e postmodernità$9(OLS)http://semarc/title/271042 996 $6260$aPisa :$bETS$9(OLS)http://semarc/publisher/31866 LEADER 01062nam a2200265 i 4500 001 000000026759 003 CaOOAMICUS 005 20260304143534.0 008 180830s1807 it u000 u ita u 040 $aSeMil$bita 100 0 $aDemosthenes,$d<384-322 a.C.>.$0(OLS)http://semarc/name/593 245 13$aLe opere di Demostene tradotte e illustrate. Tomo 1. [-6.]. 260 $aFirenze :$bpresso Molini, Landi & C.,$c1807-1809. 300 $a6 v. ;$c8°. 700 1 $aCesarotti, Melchiorre,$d<1730-1808>.$0(OLS)http://semarc/name/1210 700 1 $aMolini & Landi & C.,$c.$0(OLS)http://semarc/name/2937 774 0 $tTomo 1.$g1$w()213217 774 0 $tTomo 2.$g2$w()213218 774 0 $tTomo 3.$g3$w()213219 774 0 $tTomo 4.$g4$w()213220 774 0 $tTomo 5.$g5$w()213221 774 0 $tTomo 6.$g6$w()213222 996 $6245$aLe opere di Demostene tradotte e illustrate. Tomo 1. [-6.]$9(OLS)http://semarc/title/36145 996 $6260$aFirenze :$bpresso Molini, Landi & C.$9(OLS)http://semarc/publisher/31410